| 000 | 00562nam a22001577a 4500 | ||
|---|---|---|---|
| 999 |
_c535676 _d535676 |
||
| 020 | _qHard Cover. | ||
| 082 | _a620.0011 | ||
| 100 | _aHusnain Bhatti. | ||
| 245 |
_aDesign and optimized control of tracking parabolic trough collector for industrial heating of water / _cHusnain Bhatti |
||
| 260 |
_aIslamabad : _bCES - NUST, _c2014. |
||
| 300 |
_axiii, 76 p. : ill. ; _c30cm. |
||
| 942 |
_2ddc _cTHE |
||
| 650 |
_aEnergy Systems Engineering MS-Thesis _928880 |
||
| 700 |
_a Dr Muhammad Bilal Khan. _919368 |
||